MARC details
| 000 -LEADER |
| fixed length control field |
01381nam a2200289 a 4500 |
| 008 - FIXED-LENGTH DATA ELEMENTS--GENERAL INFORMATION |
| fixed length control field |
200624s2019 ||||||||||||||||| || u |
| 010 ## - LIBRARY OF CONGRESS CONTROL NUMBER |
| LC control number |
2018035968 |
| 020 ## - INTERNATIONAL STANDARD BOOK NUMBER |
| International Standard Book Number |
9781107619074 |
| 020 ## - INTERNATIONAL STANDARD BOOK NUMBER |
| International Standard Book Number |
9781107043787 (hardback) |
| 050 ## - LIBRARY OF CONGRESS CALL NUMBER |
| Classification number |
QH 541.15 Bon |
| 100 ## - MAIN ENTRY--PERSONAL NAME |
| Personal name |
Bonan, Gordon |
| 245 10 - TITLE STATEMENT |
| Title |
Climate change and terrestrial ecosystem modeling |
| Statement of responsibility, etc. |
By Gordon Bonan, National Center for Atmospheric Research, Boulder, Colorado. |
| 260 ## - PUBLICATION, DISTRIBUTION, ETC. |
| Place of publication, distribution, etc. |
New York |
| Name of publisher, distributor, etc. |
Cambridge University Press |
| Date of publication, distribution, etc. |
2019 |
| 300 ## - PHYSICAL DESCRIPTION |
| Extent |
xix, 437 pages : illustrations |
| 338 ## - |
| -- |
volume |
| -- |
rdacarrier |
| 500 ## - GENERAL NOTE |
| General note |
Includes bibliographical references and index. |
| 650 #0 - SUBJECT ADDED ENTRY--TOPICAL TERM |
| Topical term or geographic name entry element |
GLOBAL ENVIRONMENTAL CHANGE |
| 650 #0 - SUBJECT ADDED ENTRY--TOPICAL TERM |
| Topical term or geographic name entry element |
CLIMATIC CHANGES |
| 650 #0 - SUBJECT ADDED ENTRY--TOPICAL TERM |
| Topical term or geographic name entry element |
BLOTIC COMMUNITIES--MATHEMATICAL MODELS |
| 650 #0 - SUBJECT ADDED ENTRY--TOPICAL TERM |
| Topical term or geographic name entry element |
ECOLOGY--MATHEMATICAL MODELS |
| 995 ## - |
| -- |
MAIN LIBRARY OPEN ACCESS |
| -- |
750282 |
| -- |
CBU-MAIN LIBRARY (Kitwe) |
| -- |
QH 541.15 Bon |
| -- |
2 |
| -- |
AVAILABLE |
| -- |
Jun 24, 2020 |
| -- |
750282 |
| -- |
Main Library Open Access Collection |
| 995 ## - |
| -- |
MAIN LIBRARY OPEN ACCESS |
| -- |
750281 |
| -- |
CBU-MAIN LIBRARY (Kitwe) |
| -- |
QH 541.15 Bon |
| -- |
1 |
| -- |
AVAILABLE |
| -- |
Jun 24, 2020 |
| -- |
750281 |
| -- |
Main Library Open Access Collection |
| 995 ## - |
| -- |
MAIN LIBRARY OPEN ACCESS |
| -- |
125.32 |
| -- |
750426 |
| -- |
CBU-MAIN LIBRARY (Kitwe) |
| -- |
QH 541.15 Bon |
| -- |
3 |
| -- |
AVAILABLE |
| -- |
Jul 29, 2020 |
| -- |
750426 |
| -- |
Main Library Open Access Collection |
| 999 ## - |
| -- |
79408 |
| -- |
79408 |